000 00615nam a2200205Ia 4500
003 GCL
008 140319s9999 xx 000 0 ara d
040 _aGCL /
_cGCL
082 0 4 _aق
_b330.962
_bم م
245 1 0 _a200 مشروع وصورة
490 _a
650 0 4 _aمصر
650 0 4 _aالتنمية الاجتماعية
650 0 4 _aالتنمية الاقتصادية
650 0 4 _aالتنمية الزراعية
650 0 4 _aالتنمية الصناعية
650 0 4 _aجمال عبدالناصر
650 0 4 _aمصر - تاريخ - العصر الحديث - ثورة 1919
942 _2ddc
_cBK
999 _c38312
_d38312